logo

Bir Sreshtho Munshi Abdur Rouf Library
Jhenaidah Cadet College

চীনের রুপরেখা / (Record no. 4903)

MARC details
000 -LEADER
fixed length control field 00493nam a2200205 a 4500
001 - CONTROL NUMBER
JCCL Control Number 4903
003 - CONTROL NUMBER IDENTIFIER
JCCL marc code BD-JhCC
005 - DATE AND TIME OF LATEST TRANSACTION
control field 20171206092850.0
008 - FIXED-LENGTH DATA ELEMENTS--GENERAL INFORMATION
fixed length control field 171205s1982 b a|||| || | 000 0 b d
035 ## - SYSTEM CONTROL NUMBER
system control number (BD-JhCC)4903
040 ## - CATALOGING SOURCE
Original cataloging agency BD-JhCC
Modifying agency BD-JhCC
041 ## - LANGUAGE CODE
Language code of Book ben
082 ## - DEWEY DECIMAL CLASSIFICATION NUMBER
Classification number 951
Author mark and Year CHI 1982
245 ## - TITLE STATEMENT
Title চীনের রুপরেখা /
260 ## - PUBLICATION, DISTRIBUTION, ETC. (IMPRINT)
Date of publication, distribution, etc 1982.
300 ## - PHYSICAL DESCRIPTION
Pagination 256 p. :
Other physical details ill. ;
Dimensions 18 cn.
650 ## - SUBJECT ADDED ENTRY--TOPICAL TERM
Topical term or geographic name as entry element Economic Condition
Geographic subdivision China
942 ## - ADDED ENTRY ELEMENTS (KOHA)
Source of classification or shelving scheme Dewey Decimal Classification
Koha item type Books
Holdings
Source of classification or shelving scheme Damaged status Not for loan Home library Current library Shelving location Date of accession Total Checkouts Full call number Barcode Date last seen Copy number Koha item type
Dewey Decimal Classification     JCC Rouf Library JCC Rouf Library General Stacks 12/05/2017   951 CHI 1982 5980 12/05/2017 C-1 Books

JCC Library | Contacts | JCC Home

Last Update on 23 September 2017
Copyright @ 2017-2020 JCC Rouf Library
Rouf Library, Jhenidah Cadet College (JCC), Bangladesh